Statistiques concernant Pays avec le plus de Mcdonalds

Cliquez ici pour prendre le quiz!

Statistiques générales

  • Ce quiz a été pris 494 fois
  • Le résultat moyen est 9 sur 10

Statistiques - réponses

RangPaysNombre% Correct
1Etats-Unis14 146
99%
6France1 419
99%
5Canada1 450
95%
3Chine2 391
95%
4Allemagne1 470
94%
2Japon2 975
93%
7Royaume-Uni1 274
93%
10Russie609
90%
9Brésil812
86%
8Australie920
81%

Distribution des résultats

Percentile par nombre de réponses

% des personnes avec chaque résultat

Votre développement - résultats

Vous n’avez pas pris ce quiz